Statistics for League of Legends Abilities

Click here to take the quiz!

General Stats

  • This quiz has been taken 571 times
  • The average score is 5 of 13

Answer Stats

DescriptionAnswer% Correct
Sona's Ultimate?Crescendo
79%
Thresh's Q?Death Sentence
69%
Shaco's W?Jack in the Box
63%
Kog'Maw's Ultimate?Living Artillery
47%
Brand's Ultimate?Pyroclasm
38%
Riven's Ultimate?Blade of the Exile
37%
Trundle's Ultimate?Subjugate
35%
Corki's Q?Phosphorus Bomb
32%
Varus' W?Blighted Quiver
23%
Alistar's E?Triumphant Roar?
15%
Akali's Q?Mark of the Assassin
13%
Diana's W?Pale Cascade
10%
Aatrox's E?Blades of Torment
8%

Score Distribution

Percentile by Number Answered

Percent of People with Each Score

Your Score History

You have not taken this quiz